Phar per laltain/ (Record no. 166696)

000 -LEADER
fixed length control field 00251nam a22001097a 4500
082 ## - DEWEY DECIMAL CLASSIFICATION NUMBER
Classification number
Item number
100 ## - MAIN ENTRY--PERSONAL NAME
Personal name Manglesh Dabral
245 ## - TITLE STATEMENT
Title Phar per laltain/
Statement of responsibility, etc. by Manglesh Dabral.
260 ## - PUBLICATION, DISTRIBUTION, ETC.
Place of publication, distribution, etc. New Delhi:
Name of publisher, distributor, etc. Radhakrishna,
Date of publication, distribution, etc. 2009.
650 ## - SUBJECT ADDED ENTRY--TOPICAL TERM
Topical term or geographic name entry element
942 ## - ADDED ENTRY ELEMENTS (KOHA)
Koha item type Book
Holdings
Withdrawn status Lost status Damaged status Not for loan Permanent Location Current Location Shelving location Date acquired Cost, normal purchase price Total Checkouts Barcode Date last seen Price effective from Koha item type
        RC Thiruvananthapuram RC Thiruvananthapuram   13.11.2018 125.00   TV014147 13.11.2018 13.11.2018 Book